<?xml version="1.0" encoding="UTF-8"?>
<record
    xmlns:xsi="http://www.w3.org/2001/XMLSchema-instance"
    xsi:schemaLocation="http://www.loc.gov/MARC21/slim http://www.loc.gov/standards/marcxml/schema/MARC21slim.xsd"
    xmlns="http://www.loc.gov/MARC21/slim">

  <leader>01545nam a2200385 a 4500</leader>
  <controlfield tag="003">CHAP</controlfield>
  <controlfield tag="005">20241114183146.0</controlfield>
  <controlfield tag="007">ta</controlfield>
  <controlfield tag="008">241114s2019    sp ad  fr     001 0 spa d</controlfield>
  <datafield tag="010" ind1=" " ind2=" ">
    <subfield code="a">177653</subfield>
  </datafield>
  <datafield tag="020" ind1=" " ind2=" ">
    <subfield code="a">978-84-200-1089-2</subfield>
  </datafield>
  <datafield tag="040" ind1=" " ind2=" ">
    <subfield code="c">CHAP</subfield>
    <subfield code="a">mxchpua</subfield>
    <subfield code="e">rda</subfield>
  </datafield>
  <datafield tag="041" ind1=" " ind2=" ">
    <subfield code="a">spa</subfield>
    <subfield code="b">spa</subfield>
    <subfield code="f">spa</subfield>
    <subfield code="h">eng</subfield>
  </datafield>
  <datafield tag="050" ind1="1" ind2=" ">
    <subfield code="a">TX551 </subfield>
    <subfield code="b">.C68 2019</subfield>
  </datafield>
  <datafield tag="082" ind1=" " ind2=" ">
    <subfield code="2">20</subfield>
    <subfield code="a">664.07</subfield>
    <subfield code="b">C68 2019</subfield>
  </datafield>
  <datafield tag="100" ind1="1" ind2=" ">
    <subfield code="a">Coultate, Tom P.</subfield>
    <subfield code="9">161748</subfield>
  </datafield>
  <datafield tag="240" ind1="1" ind2="0">
    <subfield code="a">Food: the chemistry of its components.</subfield>
    <subfield code="l">Espa&#xF1;ol</subfield>
  </datafield>
  <datafield tag="245" ind1="1" ind2="0">
    <subfield code="a">Manual de qu&#xED;mica y bioqu&#xED;mica de los alimentos /</subfield>
    <subfield code="c">Tom P. Coultate ; traductor Jos&#xE9; Fern&#xE1;ndez-Salguero Carretero</subfield>
  </datafield>
  <datafield tag="250" ind1=" " ind2=" ">
    <subfield code="a">3a edici&#xF3;n</subfield>
  </datafield>
  <datafield tag="264" ind1=" " ind2=" ">
    <subfield code="a">Zaragoza, Espa&#xF1;a :</subfield>
    <subfield code="b">Acribia,</subfield>
    <subfield code="c">2019</subfield>
  </datafield>
  <datafield tag="300" ind1=" " ind2=" ">
    <subfield code="a">ix, 366 p&#xE1;ginas :</subfield>
    <subfield code="b">ilustraciones, gr&#xE1;ficas, tablas</subfield>
  </datafield>
  <datafield tag="336" ind1=" " ind2=" ">
    <subfield code="2">rdacontent</subfield>
    <subfield code="a">texto</subfield>
    <subfield code="b">txt</subfield>
  </datafield>
  <datafield tag="337" ind1=" " ind2=" ">
    <subfield code="2">rdamedia</subfield>
    <subfield code="a">no mediado</subfield>
    <subfield code="b">n</subfield>
  </datafield>
  <datafield tag="338" ind1=" " ind2=" ">
    <subfield code="2">rdacarrier</subfield>
    <subfield code="a">volumen</subfield>
    <subfield code="b">nc</subfield>
  </datafield>
  <datafield tag="504" ind1=" " ind2=" ">
    <subfield code="a">Incluye bibliograf&#xED;as</subfield>
  </datafield>
  <datafield tag="505" ind1="0" ind2=" ">
    <subfield code="a">Introduction -- Sugars -- Polysaccharides -- Lipids -- Proteins -- Colours -- Flavours -- Vitamins -- Preservatives -- Undesirables -- Minerals -- Enzymes -- Water -- Appendix I. Nutritional requirements and dietary sources -- Appendix II. Food additive regulations</subfield>
  </datafield>
  <datafield tag="650" ind1="1" ind2="3">
    <subfield code="a">Alimentos</subfield>
    <subfield code="x">An&#xE1;lisis  </subfield>
    <subfield code="9">4164</subfield>
    <subfield code="2">atg</subfield>
  </datafield>
  <datafield tag="650" ind1="1" ind2="3">
    <subfield code="a">Alimentos</subfield>
    <subfield code="x">Composici&#xF3;n  </subfield>
    <subfield code="9">147780</subfield>
    <subfield code="2">atg</subfield>
  </datafield>
  <datafield tag="650" ind1="1" ind2="3">
    <subfield code="a">Food</subfield>
    <subfield code="x">Analysis</subfield>
    <subfield code="9">147781</subfield>
    <subfield code="2">atg</subfield>
  </datafield>
  <datafield tag="650" ind1="1" ind2="3">
    <subfield code="a">Food</subfield>
    <subfield code="x">Composition  </subfield>
    <subfield code="9">147782</subfield>
    <subfield code="2">atg</subfield>
  </datafield>
  <datafield tag="700" ind1="1" ind2=" ">
    <subfield code="a"> Fern&#xE1;ndez-Salguero Carretero, Jos&#xE9;</subfield>
    <subfield code="9">144883</subfield>
    <subfield code="e">traductor</subfield>
  </datafield>
  <datafield tag="901" ind1=" " ind2=" ">
    <subfield code="a">664.07 C68 2019</subfield>
  </datafield>
  <datafield tag="902" ind1=" " ind2=" ">
    <subfield code="a">A</subfield>
  </datafield>
  <datafield tag="942" ind1=" " ind2=" ">
    <subfield code="c">LIBRO</subfield>
    <subfield code="2">ddc</subfield>
  </datafield>
  <datafield tag="999" ind1=" " ind2=" ">
    <subfield code="c">220261</subfield>
    <subfield code="d">220261</subfield>
  </datafield>
  <datafield tag="952" ind1=" " ind2=" ">
    <subfield code="0">0</subfield>
    <subfield code="1">0</subfield>
    <subfield code="2">ddc</subfield>
    <subfield code="4">0</subfield>
    <subfield code="5">1</subfield>
    <subfield code="7">0</subfield>
    <subfield code="8">GRAL</subfield>
    <subfield code="a">IA_</subfield>
    <subfield code="b">IA_</subfield>
    <subfield code="d">2024-10-14</subfield>
    <subfield code="e">Compra F. 44563 Librer&#xED;a UACh</subfield>
    <subfield code="i">C.</subfield>
    <subfield code="l">0</subfield>
    <subfield code="o">664.07 C68 2019</subfield>
    <subfield code="p">1102015032</subfield>
    <subfield code="r">2025-02-19 13:03:57</subfield>
    <subfield code="t">Ej. 1</subfield>
    <subfield code="w">2024-11-14</subfield>
    <subfield code="y">LIBRO</subfield>
  </datafield>
  <datafield tag="952" ind1=" " ind2=" ">
    <subfield code="0">0</subfield>
    <subfield code="1">0</subfield>
    <subfield code="2">ddc</subfield>
    <subfield code="4">0</subfield>
    <subfield code="5">5</subfield>
    <subfield code="7">0</subfield>
    <subfield code="8">GRAL</subfield>
    <subfield code="a">IA_</subfield>
    <subfield code="b">IA_</subfield>
    <subfield code="d">2024-10-14</subfield>
    <subfield code="e">Compra F. 44563 Librer&#xED;a UACh</subfield>
    <subfield code="i">C.</subfield>
    <subfield code="l">1</subfield>
    <subfield code="o">664.07 C68 2019</subfield>
    <subfield code="p">1102015033</subfield>
    <subfield code="r">2024-11-19 14:30:11</subfield>
    <subfield code="s">2024-11-19</subfield>
    <subfield code="t">Ej. 2</subfield>
    <subfield code="w">2024-10-14</subfield>
    <subfield code="y">LIBRO</subfield>
  </datafield>
  <datafield tag="952" ind1=" " ind2=" ">
    <subfield code="0">0</subfield>
    <subfield code="1">0</subfield>
    <subfield code="2">ddc</subfield>
    <subfield code="4">0</subfield>
    <subfield code="5">5</subfield>
    <subfield code="7">0</subfield>
    <subfield code="8">GRAL</subfield>
    <subfield code="a">IA_</subfield>
    <subfield code="b">IA_</subfield>
    <subfield code="d">2024-10-14</subfield>
    <subfield code="e">Compra F. 44563 Librer&#xED;a UACh</subfield>
    <subfield code="i">C.</subfield>
    <subfield code="l">2</subfield>
    <subfield code="o">664.07 C68 2019</subfield>
    <subfield code="p">1102015034</subfield>
    <subfield code="r">2025-02-07 09:22:27</subfield>
    <subfield code="s">2025-02-03</subfield>
    <subfield code="t">Ej. 3</subfield>
    <subfield code="w">2024-10-14</subfield>
    <subfield code="y">LIBRO</subfield>
  </datafield>
</record>
